Dastan-e-ghadar: (Record no. 150207)

MARC details
000 -LEADER
fixed length control field 00846nam a22002057a 4500
005 - DATE AND TIME OF LATEST TRANSACTION
control field 20180228114110.0
010 ## - LCCN (DPL NO)
LC control number B-689622
020 ## - INTERNATIONAL STANDARD BOOK NUMBER
International Standard Book Number 9780670088911
Terms of availability 599.00
035 ## - SYSTEM CONTROL NUMBER
System control number B-689622
037 ## - SOURCE OF ACQUISITION
Source of stock number/acquisition Aakar
Stock number dpl
082 ## - DEWEY DECIMAL CLASSIFICATION NUMBER
Classification number 954.0317
100 ## - MAIN ENTRY--PERSONAL NAME
Personal name Zahir Dehlvi
245 ## - TITLE STATEMENT
Title Dastan-e-ghadar:
Statement of responsibility, etc by Zahir Dehlvi translated from Urdu by Rana Safvi
Remainder of title the tale of the munity/
260 ## - PUBLICATION, DISTRIBUTION, ETC. (IMPRINT)
Place of publication, distribution, etc Gargaon
Name of publisher, distributor, etc Penguin Random House
Date of publication, distribution, etc 2017
270 ## - ADDRESS
Address 7th Floor, Infinity Tower, DLF Cyber city,
City Gargaon, Haryana
Postal code 122002
300 ## - PHYSICAL DESCRIPTION
Extent xvii,327p.
Dimensions 20cm(hb)
500 ## - GENERAL NOTE
General note Includes bibliographical references and index
942 ## - ADDED ENTRY ELEMENTS (KOHA)
Source of classification or shelving scheme Dewey Decimal Classification
Item type English Books
Call number suffix ZAH
Classification part 954.0317
Holdings
Withdrawn status Lost status Not for loan Collection code Home library Current library Date acquired Source of acquisition Cost, normal purchase price Full call number Barcode Copy number Cost, replacement price Koha item type
    Not For Loan Reference Central Library Central Library 28/02/2018 Aakar/I-2742/22.02.18/BPPD/EN/spl/2017-18/889/21.02.2018/22.02.2018 599.00 954.0317 ZAH B-689622 1 599.00 English Books

© Delhi Public Library
Hit Counter
free hit counter